| 000 | 00867nam a2200265 a 4500 | ||
|---|---|---|---|
| 008 | 951121s1989||||[C 0 slo c | ||
| 020 |
_a8022100218 _c25 Kčs. _q(28000 výtl.) |
||
| 040 |
_aSNK _bslo _cSNK _eAACR2 |
||
| 041 | 1 |
_aslo _hita |
|
| 044 |
_axo _cSK |
||
| 080 | _a850-3 | ||
| 080 | _a850-2 | ||
| 100 | 1 |
_aFellini, Federico _4aut |
|
| 245 | 1 | 0 |
_aA loď pláva _cFederico Fellini ; Slavomír Magál, Eva Mikulajová, Dušan Junek, Ivan Maxon |
| 250 | _a1., vyd. | ||
| 260 |
_aBratislava _bSmena _c1989 _eBratislava _fPravda |
||
| 300 |
_a152 s., 10,64 AH _c20 cm |
||
| 490 | 0 |
_aMáj _vZv. 543. |
|
| 500 | _aRozlož. tit. list. Spoluvyd. Lidové nakladatelství, Mladá fronta a naše vojsko, Praha. | ||
| 700 | 1 |
_aMagál, Slavomír _4com |
|
| 700 | 1 |
_aMikulajová, Eva _4trl |
|
| 700 | 1 |
_aJunek, Dušan _4bkd |
|
| 700 | 1 |
_aMaxon, Ivan _4oth |
|
| 958 | _aA | ||
| 999 |
_c10658 _d10658 |
||